| 000 | 00632nam a2200181 a 4500 | ||
|---|---|---|---|
| 001 | 000029370 | ||
| 005 | 20240404093624.0 | ||
| 008 | 110415s1981 dr 000 0 spa d | ||
| 040 |
_aDO-SdBNP _bspa _cBNPHU |
||
| 082 |
_axxxx _bC755N |
||
| 110 | 2 |
_aConsejo Nacional de Población y Familia (República Dominicana) _96985 |
|
| 245 | 1 | 0 |
_a13 años después 1968-1981. / _cIntroducción Luis González Fabra. |
| 246 | 1 | 0 | _aTrece años después 1968-1981 |
| 260 |
_aSanto Domingo : _bConsejo Nacional de Población y Familia (CONPOFA), _c1981. |
||
| 300 |
_a25 p. ; _c22 cm. |
||
| 700 | 1 |
_aGonzález Fabra, Luis _956243 |
|
| 049 | _aBNPD | ||
| 999 |
_c28862 _d28862 |
||